[Event "SG Turm Raesfeld/Erle 2 - SK Münster 4"]
[Site "Regionalliga Münsterland 2019"]
[Date "2019.09.07"]
[Round "1.2"]
[White "Tuente, Marcel"]
[Black "Spillmann, Peter"]
[Result "1/2-1/2"]
[WhiteElo "1841"]
[BlackElo "1886"]
[PlyCount "30"]
[EventDate "2019.??.??"]
[SourceDate "2019.09.14"]

1. e4 d6 2. d4 Nf6 3. Nc3 g6 4. f4 Bg7 5. Nf3 O-O 6. Bc4 Nxe4 7. Bxf7+ Rxf7 8.
Nxe4 Rf8 9. O-O d5 10. Nc5 b6 11. Nd3 Nc6 12. c3 e6 13. Nde5 Nxe5 14. Nxe5 Bxe5
15. fxe5 Ba6 1/2-1/2

[Event "SG Turm Raesfeld/Erle 2 - SK Münster 4"]
[Site "Regionalliga Münsterland 2019"]
[Date "2019.09.07"]
[Round "1.3"]
[White "Vogenauer, Nikolas"]
[Black "Kadenbach, Wolfgang"]
[Result "1-0"]
[WhiteElo "1881"]
[BlackElo "1775"]
[PlyCount "69"]
[EventDate "2019.??.??"]
[SourceDate "2019.09.14"]

1. c4 Nf6 2. Nc3 g6 3. e4 d6 4. Nf3 c5 5. d4 cxd4 6. Nxd4 Bg7 7. Be2 a6 8. O-O
O-O 9. Be3 e5 10. Nc2 Nc6 11. f3 h5 12. Qd2 Qc7 13. Rfd1 Rd8 14. Rac1 Rb8 15.
b3 Be6 16. Kh1 b6 17. Bg5 Rd7 18. Nd5 Bxd5 19. cxd5 Ne7 20. Nb4 Qd8 21. Bxa6 b5
22. Nc6 Nxc6 23. dxc6 Ra7 24. Bb7 Raxb7 25. cxb7 Rxb7 26. Qxd6 Qb6 27. Rc6 Qf2
28. Bxf6 h4 29. Bxg7 Kxg7 30. Qxe5+ Kh6 31. Qh8+ Kg5 32. Rd5+ f5 33. Qf6+ Kf4
34. Qd6+ Kg5 35. Qxg6+ 1-0

[Event "SG Turm Raesfeld/Erle 2 - SK Münster 4"]
[Site "Regionalliga Münsterland 2019"]
[Date "2019.09.07"]
[Round "1.4"]
[White "Fasselt, Hendrik"]
[Black "Peters, Helmut"]
[Result "0-1"]
[WhiteElo "1836"]
[BlackElo "1942"]
[PlyCount "64"]
[EventDate "2019.??.??"]
[SourceDate "2019.09.14"]

1. b3 e5 2. Bb2 Nc6 3. e3 Nf6 4. Nf3 e4 5. Nd4 Nxd4 6. Bxd4 Be7 7. Be2 O-O 8.
O-O c5 9. Bb2 d5 10. d3 Bf5 11. d4 Qc7 12. Nd2 Bd6 13. h3 Rfd8 14. Rc1 Qe7 15.
c4 cxd4 16. Bxd4 Be5 17. c5 Rac8 18. b4 Bxd4 19. exd4 e3 20. Nb3 Re8 21. Kh2
Ne4 22. fxe3 Qc7+ 23. Kg1 Bxh3 24. Rf4 g5 25. Rxe4 Rxe4 26. Bf3 Rxe3 27. gxh3
Qg3+ 28. Bg2 Rce8 29. Kf1 R8e6 30. Nd2 Rf6+ 31. Kg1 Rf2 32. Qf1 Ree2 0-1

[Event "SG Turm Raesfeld/Erle 2 - SK Münster 4"]
[Site "Regionalliga Münsterland 2019"]
[Date "2019.09.07"]
[Round "1.5"]
[White "Leder, Nils"]
[Black "Broemmel, Chris"]
[Result "1-0"]
[WhiteElo "1861"]
[BlackElo "1808"]
[PlyCount "145"]
[EventDate "2019.??.??"]
[SourceDate "2019.09.14"]

1. c4 d5 2. cxd5 Qxd5 3. Nc3 Qa5 4. g3 c6 5. Bg2 Nf6 6. d3 Bf5 7. Bd2 Qb6 8.
Na4 Qc7 9. Nf3 e6 10. Rc1 Nbd7 11. Nd4 Bg6 12. O-O Be7 13. b4 a6 14. Nb3 O-O
15. Nac5 Nxc5 16. Nxc5 Bxc5 17. Rxc5 Rfd8 18. Qb3 Qd7 19. Rc2 Rac8 20. Rfc1 Bh5
21. Kf1 Qd6 22. h3 Nd5 23. a4 Qe5 24. Be1 Qf6 25. Kg1 Qe5 26. Qb2 Qxb2 27. Rxb2
Nb6 28. Ra1 Nd5 29. Bf1 b6 30. Rc1 Rd7 31. Rbc2 Rdc7 32. d4 Bg6 33. Rc4 b5 34.
axb5 cxb5 35. Rxc7 Rxc7 36. Rxc7 Nxc7 37. Bg2 Kf8 38. Bd2 Nd5 39. e4 Nf6 40. f3
h6 41. Kf2 Ke7 42. Ke3 Kd7 43. g4 Kc7 44. f4 Nd7 45. Be1 Nb6 46. Bg3 Nc4+ 47.
Ke2 f5 48. gxf5 exf5 49. e5 Bf7 50. d5 Nb6 51. d6+ Kb8 52. Bh4 Kc8 53. Bc6 Be6
54. Be7 g6 55. Be8 Nd5 56. Kf3 g5 57. fxg5 hxg5 58. Bxg5 Nxb4 59. h4 Nd3 60.
Bf6 b4 61. Ke3 Nc5 62. Kd4 b3 63. Kc3 f4 64. Bc6 f3 65. Bxf3 Na4+ 66. Kb4 Nb6
67. Be4 Nc4 68. h5 a5+ 69. Kb5 Nd2 70. Bg6 b2 71. h6 Bg8 72. Bf5+ Kb7 73. d7
1-0

[Event "SG Turm Raesfeld/Erle 2 - SK Münster 4"]
[Site "Regionalliga Münsterland 2019"]
[Date "2019.09.07"]
[Round "1.6"]
[White "Boelker, Franz"]
[Black "Schoepper, Oliver"]
[Result "1/2-1/2"]
[WhiteElo "1762"]
[BlackElo "1811"]
[PlyCount "58"]
[EventDate "2019.??.??"]
[SourceDate "2019.09.14"]

1. d4 d5 2. c4 c6 3. Nc3 Nf6 4. Nf3 e6 5. Bg5 Nbd7 6. e3 Qa5 7. Bxf6 Nxf6 8.
Nd2 Bb4 9. Qc2 c5 10. Nb3 Bxc3+ 11. bxc3 Qa4 12. Rc1 dxc4 13. Nxc5 Qxc2 14.
Rxc2 b6 15. Na4 Bd7 16. Nb2 b5 17. Be2 Bc6 18. f3 Nd5 19. Kf2 O-O 20. e4 Nb6
21. a4 a6 22. a5 Nc8 23. Nd1 Rd8 24. Rb2 Nd6 25. Ne3 Nb7 26. Ra1 Nd6 27. e5 Ne8
28. Nc2 Nc7 29. Nb4 Bb7 1/2-1/2

[Event "SG Turm Raesfeld/Erle 2 - SK Münster 4"]
[Site "Regionalliga Münsterland 2019"]
[Date "2019.09.07"]
[Round "1.7"]
[White "Menzel, Thomas"]
[Black "Terhart, Juergen"]
[Result "1/2-1/2"]
[WhiteElo "1695"]
[BlackElo "1776"]
[PlyCount "45"]
[EventDate "2019.??.??"]
[SourceDate "2019.09.14"]

1. e4 c6 2. c4 d5 3. exd5 cxd5 4. d4 Nf6 5. Nc3 e6 6. Nf3 Be7 7. Bg5 Nbd7 8.
cxd5 Nxd5 9. Bxe7 Qxe7 10. Bd3 O-O 11. O-O N7f6 12. Re1 b6 13. Rc1 Bb7 14. Re2
Nf4 15. Rd2 Nxd3 16. Rxd3 Rac8 17. h3 a6 18. Qe1 Qd6 19. Rcd1 b5 20. a3 Rfd8
21. Ne5 Qb6 22. Qe3 Rd6 23. Qf4 1/2-1/2

[Event "SG Turm Raesfeld/Erle 2 - SK Münster 4"]
[Site "Regionalliga Münsterland 2019"]
[Date "2019.09.07"]
[Round "1.8"]
[White "Droste, Laurenz"]
[Black "Redemann, Rolf"]
[Result "1-0"]
[WhiteElo "1604"]
[BlackElo "1468"]
[PlyCount "39"]
[EventDate "2019.??.??"]
[SourceDate "2019.09.14"]

1. f4 d5 2. e3 Nf6 3. b3 e6 4. Bb2 Be7 5. Nf3 c5 6. c4 O-O 7. Bd3 h6 8. Ne5 b6
9. g4 Bb7 10. Rg1 Nbd7 11. g5 Nxe5 12. Bxe5 hxg5 13. Rxg5 g6 14. h4 dxc4 15.
Bc2 Be4 16. Bxe4 Nxe4 17. Qh5 Nf6 18. Qh6 Qe8 19. h5 Nh7 20. Qg7# 1-0

[Event "SK Bocholt 1 - SK Metelen 1"]
[Site "Regionalliga Münsterland 2019"]
[Date "2019.09.07"]
[Round "1.1"]
[White "Bernink, Henk"]
[Black "Fuest, Martin"]
[Result "0-1"]
[WhiteElo "2029"]
[BlackElo "2118"]
[PlyCount "66"]
[EventDate "2019.??.??"]
[SourceDate "2019.09.14"]

1. c4 Nf6 2. Nc3 c6 3. Nf3 d5 4. cxd5 cxd5 5. d4 Nc6 6. Bf4 Qb6 7. Na4 Qa5+ 8.
Bd2 Qd8 9. e3 Ne4 10. a3 e6 11. Bd3 Bd7 12. O-O Nxd2 13. Qxd2 Nxd4 14. exd4
Bxa4 15. Rfe1 Be7 16. Re3 O-O 17. Rae1 Rc8 18. Bb1 g6 19. Re5 Kg7 20. R5e3 Bf6
21. h4 Rh8 22. h5 Bg5 23. Nxg5 Qxg5 24. Qa5 Bc2 25. Qxa7 Bxb1 26. Rxb1 Rc7 27.
Qb6 Rhc8 28. Rbe1 Qxh5 29. a4 Qg5 30. a5 Qd8 31. Rb3 Rc1 32. Qb4 R8c2 33. Rf3
Qc7 0-1

[Event "SK Bocholt 1 - SK Metelen 1"]
[Site "Regionalliga Münsterland 2019"]
[Date "2019.09.07"]
[Round "1.2"]
[White "Hunhoff, Sebastian"]
[Black "Koch, Alexander"]
[Result "1/2-1/2"]
[WhiteElo "1918"]
[BlackElo "2027"]
[PlyCount "68"]
[EventDate "2019.??.??"]
[SourceDate "2019.09.14"]

1. c4 Nf6 2. Nc3 g6 3. e4 d6 4. g3 c5 5. Bg2 Nc6 6. Nge2 Bg7 7. d3 O-O 8. O-O
a6 9. h3 Rb8 10. Be3 b5 11. cxb5 axb5 12. f4 b4 13. Na4 Bd7 14. d4 cxd4 15.
Nxd4 Nxe4 16. Bxe4 Nxd4 17. Bxd4 Bxa4 18. b3 Bxd4+ 19. Qxd4 Bd7 20. Kh2 Qa5 21.
g4 Rbc8 22. f5 Bc6 23. fxg6 hxg6 24. Rfe1 e5 25. Qd3 Bxe4 26. Rxe4 Rfd8 27. Qd2
Rc3 28. Rf1 Rdc8 29. Re2 Qc5 30. Rff2 Kg7 31. Qg5 Qc7 32. Qf6+ Kg8 33. h4 e4
34. Rxe4 d5+ 1/2-1/2

[Event "SK Bocholt 1 - SK Metelen 1"]
[Site "Regionalliga Münsterland 2019"]
[Date "2019.09.07"]
[Round "1.4"]
[White "Steiner, Karl"]
[Black "Grotenhuis, Gerard"]
[Result "0-1"]
[WhiteElo "1894"]
[BlackElo "1894"]
[PlyCount "64"]
[EventDate "2019.??.??"]
[SourceDate "2019.09.14"]

1. Nf3 d5 2. c4 d4 3. d3 Nc6 4. Bf4 g6 5. h3 Bg7 6. g4 e5 7. Bg3 Nge7 8. Bg2 f5
9. gxf5 Nxf5 10. Nbd2 Nxg3 11. fxg3 O-O 12. O-O Bf5 13. Nh4 Qg5 14. Kh2 Qe7 15.
Qb3 Rab8 16. Nxf5 gxf5 17. g4 Bh6 18. c5+ Kh8 19. Nc4 Bf4+ 20. Kh1 fxg4 21. Qd1
Qh4 22. e3 gxh3 23. Bxc6 dxe3 24. Be4 Rg8 25. Qe1 Rg2 26. Rxf4 Qxf4 27. Bxg2
hxg2+ 28. Kg1 Qh6 29. Qxe3 Qh1+ 30. Kf2 Rf8+ 31. Ke2 Qh5+ 32. Kd2 Rf1 0-1

[Event "SK Bocholt 1 - SK Metelen 1"]
[Site "Regionalliga Münsterland 2019"]
[Date "2019.09.07"]
[Round "1.5"]
[White "Zachej, Arne"]
[Black "Kuhlenbaeumer, Willi"]
[Result "1/2-1/2"]
[WhiteElo "1854"]
[BlackElo "1907"]
[PlyCount "30"]
[EventDate "2019.??.??"]
[SourceDate "2019.09.14"]

1. d4 Nf6 2. Bf4 g6 3. e3 Bg7 4. Be2 d6 5. Nd2 O-O 6. c3 Nbd7 7. Ngf3 c6 8. h3
h6 9. Qc2 Re8 10. Bh2 a5 11. a4 Nf8 12. O-O Ne6 13. e4 Ng5 14. Nxg5 hxg5 15. g4
Nd7 1/2-1/2

[Event "SK Bocholt 1 - SK Metelen 1"]
[Site "Regionalliga Münsterland 2019"]
[Date "2019.09.07"]
[Round "1.6"]
[White "Murina, Reinhard"]
[Black "Wigger, Frank"]
[Result "1-0"]
[WhiteElo "1920"]
[BlackElo "1820"]
[PlyCount "53"]
[EventDate "2019.??.??"]
[SourceDate "2019.09.14"]

1. d4 Nf6 2. c4 c5 3. d5 b5 4. cxb5 a6 5. bxa6 Bxa6 6. b3 g6 7. g3 Bg7 8. Bb2
O-O 9. Bg2 d6 10. Nh3 Qa5+ 11. Bc3 Qc7 12. Nf4 Nbd7 13. O-O Rfb8 14. Nd2 Nb6
15. h4 h5 16. a4 Ra7 17. Rc1 Qd7 18. Nf3 Rc7 19. Ng5 Qe8 20. a5 Nc8 21. Bh3
Rcb7 22. Qc2 Ng4 23. Bxg7 Kxg7 24. Nxh5+ gxh5 25. Qh7+ Kf6 26. Ne4+ Ke5 27.
Qxh5+ 1-0

[Event "SK Bocholt 1 - SK Metelen 1"]
[Site "Regionalliga Münsterland 2019"]
[Date "2019.09.07"]
[Round "1.7"]
[White "Gravenkoetter, Christian"]
[Black "Hunhoff, Andreas"]
[Result "1/2-1/2"]
[WhiteElo "1668"]
[BlackElo "1798"]
[PlyCount "114"]
[EventDate "2019.??.??"]
[SourceDate "2019.09.14"]

1. e4 c5 2. b3 Nc6 3. Bb2 d6 4. Nf3 Bg4 5. h3 Bh5 6. Bb5 Qb6 7. Bxc6+ Qxc6 8.
d3 e6 9. Nbd2 Nf6 10. Bxf6 gxf6 11. g4 Bg6 12. Qe2 Be7 13. a4 a6 14. Nh4 O-O-O
15. O-O-O Rhe8 16. f4 f5 17. Nxg6 fxg6 18. Nf3 b5 19. axb5 Qxb5 20. Rhe1 Bf8
21. d4 Qa5 22. Kb2 fxe4 23. Qxe4 d5 24. Qd3 cxd4 25. Ra1 Qc3+ 26. Qxc3+ dxc3+
27. Kxc3 Kb7 28. Ra4 Rc8+ 29. Kd3 Bd6 30. Ng5 e5 31. fxe5 Rxe5 32. Rxe5 Bxe5
33. c4 dxc4+ 34. Rxc4 Rxc4 35. Kxc4 h5 36. Ne6 hxg4 37. hxg4 Bb2 38. Nc5+ Ka7
39. Kd5 Bc1 40. Kc6 Be3 41. Ne6 Bd2 42. Nc7 g5 43. Ne6 Be3 44. b4 Bd2 45. b5
axb5 46. Kxb5 Kb7 47. Kc5 Kc8 48. Kd5 Kd7 49. Ke5 Ke7 50. Kf5 Kf7 51. Nxg5+ Kg7
52. Ne6+ Kf7 53. Nf4 Bc1 54. g5 Bb2 55. g6+ Kg7 56. Nh5+ Kh6 57. Nf6 Kg7
1/2-1/2

[Event "SK Bocholt 1 - SK Metelen 1"]
[Site "Regionalliga Münsterland 2019"]
[Date "2019.09.07"]
[Round "1.8"]
[White "Boeing, Frank"]
[Black "Knocks, Elmar"]
[Result "0-1"]
[WhiteElo "1802"]
[BlackElo "1667"]
[PlyCount "82"]
[EventDate "2019.??.??"]
[SourceDate "2019.09.14"]

1. d4 Nf6 2. Nf3 d5 3. Bg5 e6 4. e3 h6 5. Bh4 Bb4+ 6. Nbd2 O-O 7. Bd3 b6 8. Qe2
Bb7 9. O-O Be7 10. c3 Nbd7 11. Ne1 c5 12. Rd1 c4 13. Bb1 b5 14. a3 a5 15. Nc2
Qb6 16. Kh1 b4 17. axb4 axb4 18. e4 bxc3 19. bxc3 g5 20. e5 Ne8 21. Bg3 f5 22.
Qh5 Kg7 23. Ne3 Ra3 24. Rfe1 Bc6 25. Ng4 Rh8 26. Nxh6 Rxh6 27. Qxe8 Bf8 28.
Bxf5 Ra8 29. Qxe6 Rxe6 30. Bxe6 Ra2 31. Nf3 Be7 32. h4 Nf8 33. Bg4 Bd7 34. Bxd7
Nxd7 35. hxg5 Nf8 36. Nh4 Bxg5 37. Nf5+ Kg6 38. f4 Kxf5 39. fxg5 Kxg5 40. Rf1
Kg4 41. Rxf8 Qh6+ 0-1